00421nam a2200145Ia 4500008004100000020001500041041000800056082001500064100002000079245007100099250000600170260005100176300001100227650003700238210716s2005 xx 000 0 und d a8122416225 aeng a332.6 HUGD aHughes, Duncan. aAsset management: in theory and practice.bIn theory and practice. a1 aBangalorebNew Age International Pvt Ltdc2005 avi,242 aInvestment-Capital Market(332.6)